Sports Quiz

Random Sports Quiz

Most IBB All-Time Quiz Stats

 Plays Quiz not verified by Sporcle

Challenge
Share
Tweet
Embed
Score 0/20 Timer 05:00
0 Plays Today
IBB Players % Correct
688Barry Bonds
100%
293Hank Aaron
97.1%
263Albert Pujols
88.2%
192Willie Mays
88.2%
216Manny Ramirez
85.3%
201Mike Schmidt
82.4%
260Willie McCovey
79.4%
246Ken Griffey
76.5%
229George Brett
76.5%
227Willie Stargell
73.5%
IBB Players % Correct
222Eddie Murray
73.5%
218Frank Robinson
67.6%
190Carl Yastrzemski
64.7%
250Vladimir Guerrero
50%
203Tony Gwynn
50%
198Ernie Banks
47.1%
187Harold Baines
26.5%
193Rusty Staub
17.6%
188Chili Davis
17.6%
188Ted Simmons
5.9%

You're not logged in!

Compare scores with friends on all Sporcle quizzes.
OR
Log In

You Might Also Like...

Show Comments

Extras

Created Aug 5, 2012SourceReportNominate
Tags:ibb, player

Top Quizzes Today


Score Distribution

Your Account Isn't Verified!

In order to create a playlist on Sporcle, you need to verify the email address you used during registration. Go to your Sporcle Settings to finish the process.

Report this User

Report this user for behavior that violates our Community Guidelines.

Details: